000 01271cam a2200337 i 4500
001 58851
003 Mx-PuUPA
005 20260407093213.0
008 140415s2008 mx a gr 000 0 spa d
020 _a9789709452310
040 _aMx-PuUPA
_bspa
_cMx-PuUPA
_dMx-PuUPA
_erda
041 0 _aspa
100 1 _aPérez Lizaur, Ana Bertha,
_eautor
_98259
245 1 0 _aSistema mexicano de alimentos equivalentes /
_cAna Bertha Pérez Lizaur, Berenice Palacios González, Ana Laura Castro Becerra
250 _aTercera edición
264 1 _aMéxico, D.F. :
_bFomento de Nutrición y Salud,
_c2008
300 _a108 páginas :
_bilustraciones, tablas ;
_c28 cm
336 _atexto
_2rdacontent
_btxt
337 _asin medio
_2rdamedia
_bn
338 _avolumen
_2rdacarrier
_bnc
650 7 _aSistema mexicano de alimentos equivalentes
_2armarc
650 7 _aAlimentos dietéticos
_zMéxico
_2armarc
650 7 _aAlimentos
_vTablas, cálculo, etc.
_2armarc
650 7 _aAlimentos
_xComposición
_zMéxico
_2armarc
650 7 _aNutrición
_zMéxico
_2armarc
700 1 _aPalacios González, Berenice,
_eautor
700 1 _aCastro Becerra, Ana Laura,
_eautor
942 _2ddc
_cLI
_h613.20972
_iP426
999 _c58851
_d58851